National League Teams (MLB) - Statistics

General Stats
  • This quiz has been taken 42 times
  • The average score is 14 of 15
Answer Stats
City Team % Correct
Miami Marlins
100%
Washington Nationals
100%
Cincinnati Reds
100%
Atlanta Braves
96%
Milwaukee Brewers
96%
St. Louis Cardinals
96%
Chicago Cubs
96%
Phoenix Diamondbacks
96%
New York Mets
96%
Philadelphia Phillies
96%
Pittsburgh Pirates
96%
Los Angeles Dodgers
91%
San Francisco Giants
91%
San Diego Padres
91%
Denver Rockies
87%
No matching quizzes found
Score Distribution
Percent of People with Each Score
Percentile by Number Answered
Your Score History
You have not taken this quiz